|
|
|
|
| LEADER |
00000 a2200000 4500 |
| 001 |
RU/ROS-EDU.RU/100604 |
| 856 |
4 |
|
|u https://www.ros-edu.ru/book?id=100604
|z Перейти к просмотру издания
|
| 010 |
|
|
|a 978-5-7882-2461-9
|
| 100 |
|
|
|a 20180101d2018 |||y0rusy0250
|
| 105 |
|
|
|a y z 000zy
|
| 101 |
0 |
|
|a rus
|
| 102 |
|
|
|a RU
|
| 200 |
1 |
|
|a Русский язык как иностранный: элементарный уровень
|b Электронный ресурс
|e Практикум
|f Е. Н. Богатова, Т. В. Феоктистова, П. Л. Габдрахманова
|
| 700 |
|
1 |
|b Е. Н.
|a Богатова
|4 070
|
| 701 |
|
1 |
|b Т. В.
|a Феоктистова
|4 070
|
| 701 |
|
1 |
|b П. Л.
|a Габдрахманова
|4 070
|
| 330 |
|
|
|a Содержит обучающие и проверочные задания, необходимые для приобретения и совершенствования навыков владения русской речью на начальном этапе обучения. Вместе с учебным пособием является частью учебного комплекса. Предназначен для иностранных студентов, изучающих русский язык по программам предвузовской подготовки. Подготовлен на кафедре русского языка как иностранного в профессиональной коммуникации.
|
| 210 |
|
|
|a Казань
|c Казанский национальный исследовательский технологический университет
|d 2018
|
| 610 |
1 |
|
|a русский язык
|
| 610 |
1 |
|
|a иностранный студент
|
| 610 |
1 |
|
|a литературный язык
|
| 610 |
1 |
|
|a синтаксическая норма
|
| 610 |
1 |
|
|a орфоэпическая норма
|
| 610 |
1 |
|
|a лексическая норма
|
| 610 |
1 |
|
|a морфологическая норма
|
| 675 |
|
|
|a 81
|
| 686 |
|
|
|a 81.2
|2 rubbk
|
| 300 |
|
|
|a Книга находится в премиум-версии платформы «Русский как иностранный».
|
| 215 |
|
|
|a 116 с.
|